000
00336nam a2200145Ia 4500
005
20250603145443.0
008
250603s9999 xx 000 0 und d
020
_a
978- 0- 14- 017739- 8
050
_a
PN2093.C64
100
_a
John Steinbeck
245
0
_a
Of mice and men
260
_b
Penguin books
300
_a
107 p
942
_c
BK
999
_c
41907
_d
41907